000
00284nam a22001217a 4500
040
_c
SCME
100
_a
Michael J.Moran
_9
121598
245
_a
Principles of engineering thermodynamics
250
_a
9thed.
260
_a
Singapore
_b
Wiley
_c
2017
300
_a
699p.
942
_2
ddc
_c
BK
999
_c
608434
_d
608434